000
00320nam a22001337a 4500
008
260327b ||||| |||| 00| 0 eng d
020
_a
9951050247
041
_a
eng
080
_a
821.018
100
_a
25
101
_a
Ngjarje
245
_a
Berit Backer Behind Stone Walls
_c
Dugagjini Ballkan Books
942
_2
udc
_c
BK
999
_c
60945
_d
60945